| 000 | 00609nam a2200181 a 4500 | ||
|---|---|---|---|
| 005 | 20221118063538.0 | ||
| 008 | 991125s1937 mx 000 0 spa u | ||
| 035 | _aUPN01000039086 | ||
| 049 | _aLT | ||
| 050 | 4 |
_aLB1573 M6.5 _bC8.4 1937 |
|
| 100 | 1 |
_aCuervo Martínez, Francisco _942027 |
|
| 245 | 1 | 0 |
_aMéxico : _blibro nacional de lectura para uso de los alumnos del quinto año de la escuela primaria / _cpor Francisco Cuervo Martínez. |
| 250 | _a4a ed. | ||
| 260 |
_aMéxico : _bPatria, _c1937. |
||
| 300 |
_a310 p. : _bil. |
||
| 650 | 4 |
_aLectura _xEstudio y enseñanza (Elemental) _92805 |
|
| 905 | _aLibro | ||
| 999 |
_c39086 _d39086 |
||